000 01068nam0a2200301 4500
001 RU\NLR\BIBL_A\011856317
005 20220803153929.0
010 _a978-5-904681-54-8
_9500
021 _aRU
_bКН-П-18-075375
_9КН-П-18-5448
035 _a(NLR Aleph) 011856317
035 _a(RuMoRGB)009766749
090 _a12127779
_c12127779
100 _a20181106d2018 u y0rusy50 ca
101 0 _arus
102 _aRU
105 _aac||zzzz000gy
200 1 _aТайны улицы Гористой
_eсборник стихов
_fСветлана Харитоненко
210 _aСанкт-Петербург
_c[б. и.]
_d2018
215 _a143 с.
_cил., портр.
_d21
327 1 _aСодерж.: Стихотворения; Катер "Серебристый"; Жребий
686 2 _aШ6(2=Р)8-5
700 1 _aХаритоненко
_bС. Н.
_gСветлана Николаевна
942 _cBOOK
980 _aNBR
980 _aNB